[Event "BL 0708 (Women)"]
[Site "Germany"]
[Date "2008.01.27"]
[Round "7.2"]
[White "Lakos, Nikoletta"]
[Black "Moser, Eva"]
[Result "1/2-1/2"]
[WhiteElo "2316"]
[BlackElo "2402"]
[PlyCount "24"]
[EventDate "2007.11.10"]
[EventType "team-tourn"]
[EventRounds "11"]
[EventCountry "GER"]
[SourceTitle "EXT 2009"]
[Source "ChessBase"]
[SourceDate "2008.11.26"]
[SourceVersion "1"]
[SourceVersionDate "2008.11.26"]
[SourceQuality "1"]
[WhiteTeam "Halle (W)"]
[BlackTeam "Baden-Baden (W)"]
[WhiteTeamCountry "GER"]
[BlackTeamCountry "GER"]

1. e4 e6 2. d4 d5 3. Nd2 c5 4. exd5 exd5 5. Ngf3 Nf6 6. Bb5+ Bd7 7. Bxd7+ Nbxd7
8. O-O Be7 9. dxc5 Nxc5 10. Nd4 Qd7 11. N2b3 Nce4 12. Qf3 O-O 1/2-1/2

[Event "BL 0708 (Women)"]
[Site "Germany"]
[Date "2008.01.26"]
[Round "6.2"]
[White "Moser, Eva"]
[Black "Karlovich, Anastazia"]
[Result "1-0"]
[WhiteElo "2402"]
[BlackElo "2198"]
[PlyCount "117"]
[EventDate "2007.11.10"]
[EventType "team-tourn"]
[EventRounds "11"]
[EventCountry "GER"]
[SourceTitle "EXT 2009"]
[Source "ChessBase"]
[SourceDate "2008.11.26"]
[SourceVersion "1"]
[SourceVersionDate "2008.11.26"]
[SourceQuality "1"]
[WhiteTeam "Baden-Baden (W)"]
[BlackTeam "Grosslehna (W)"]
[WhiteTeamCountry "GER"]
[BlackTeamCountry "GER"]

1. g3 d5 2. Nf3 c6 3. Bg2 Bg4 4. O-O Nd7 5. d3 Ngf6 6. Nbd2 e6 7. e4 dxe4 8.
dxe4 Qc7 9. Qe1 e5 10. h3 Bxf3 11. Nxf3 a5 12. Nh4 Bc5 13. Nf5 g6 14. Nh6 Ng8
15. Qe2 Nxh6 16. Bxh6 Bf8 17. Bd2 Bg7 18. a4 O-O 19. Be3 Rfe8 20. Rfd1 Nf8 21.
h4 Ne6 22. c3 Rad8 23. Bh3 Bf8 24. Rxd8 Qxd8 25. Rd1 Qc7 26. Rd2 Kg7 27. Qc4 b6
28. Kf1 Kf6 29. h5 Rd8 30. Bxe6 Rxd2 31. Bxd2 fxe6 32. hxg6 hxg6 33. Be3 c5 34.
Qb5 Qd6 35. Ke2 g5 36. Qd3 g4 37. Qxd6 Bxd6 38. Kd3 Ke7 39. Kc4 Kd7 40. Kb5 Kc7
41. Bg5 Bf8 42. Bf6 Bd6 43. Ka6 Bf8 44. Kb5 Bd6 45. Kc4 Kc6 46. Bd8 Bf8 47. b3
Bd6 48. Kd3 b5 49. c4 bxa4 50. bxa4 Bc7 51. Bf6 Kd7 52. f3 gxf3 53. Ke3 Ke8 54.
Kxf3 Kf7 55. Bg5 Bb6 56. Kg4 Bc7 57. Kh5 Kg7 58. Be7 Bb6 59. Bd6 1-0

[Event "Boeblingen op 24th"]
[Site "Boeblingen"]
[Date "2007.12.30"]
[Round "9"]
[White "Bastian, Martin"]
[Black "Moser, Eva"]
[Result "0-1"]
[WhiteElo "2205"]
[BlackElo "2412"]
[PlyCount "80"]
[EventDate "2007.12.26"]
[EventType "swiss"]
[EventRounds "9"]
[EventCountry "GER"]
[SourceTitle "CBM 122 Extra"]
[Source "ChessBase"]
[SourceDate "2008.03.04"]
[SourceVersion "1"]
[SourceVersionDate "2008.03.04"]
[SourceQuality "1"]

1. e4 c5 2. Nc3 Nc6 3. g3 g6 4. Bg2 Bg7 5. d3 d6 6. f4 Nf6 7. Nf3 O-O 8. O-O
Bg4 9. h3 Bxf3 10. Qxf3 Rb8 11. Be3 Nd7 12. f5 Nd4 13. Qf2 e6 14. g4 b5 15. Nd1
Qa5 16. c3 Nb3 17. axb3 Qxa1 18. g5 f6 19. fxe6 fxg5 20. exd7 Rxf2 21. Nxf2 Qa5
22. Bxg5 Qc7 23. d8=Q+ Rxd8 24. Bxd8 Qxd8 25. Ng4 Qg5 26. e5 h5 27. Nf6+ Kh8
28. Ra1 Qe3+ 29. Kh1 Qxe5 30. Nd5 Qg3 31. Rd1 g5 32. Ne7 Be5 33. Ng6+ Kg7 34.
Nxe5 Qxe5 35. d4 Qe2 36. Ra1 Qxb2 37. Rxa7+ Kf6 38. dxc5 dxc5 39. c4 bxc4 40.
bxc4 Qb1+ 0-1

[Event "Boeblingen op 24th"]
[Site "Boeblingen"]
[Date "2007.12.30"]
[Round "8"]
[White "Graf, Felix"]
[Black "Moser, Eva"]
[Result "1-0"]
[WhiteElo "2241"]
[BlackElo "2412"]
[PlyCount "85"]
[EventDate "2007.12.26"]
[EventType "swiss"]
[EventRounds "9"]
[EventCountry "GER"]
[SourceTitle "CBM 122 Extra"]
[Source "ChessBase"]
[SourceDate "2008.03.04"]
[SourceVersion "1"]
[SourceVersionDate "2008.03.04"]
[SourceQuality "1"]

1. d4 c5 2. d5 d6 3. c4 e5 4. Nc3 Be7 5. Nf3 Nf6 6. e4 O-O 7. h3 Ne8 8. g4 g6
9. Bd3 Ng7 10. Bh6 Nd7 11. Qe2 Nf6 12. O-O-O Kh8 13. Rdg1 Ng8 14. Bd2 a6 15. h4
Bd7 16. g5 Nh5 17. Ne1 f6 18. Qe3 fxg5 19. hxg5 Rf7 20. Be2 Nf4 21. Qg3 b5 22.
Nd3 Nxd3+ 23. Bxd3 Qf8 24. Rg2 b4 25. Nd1 Qg7 26. Ne3 Raf8 27. Nf5 gxf5 28. g6
f4 29. Qh2 Nf6 30. gxf7 Qxf7 31. f3 Be8 32. Rhg1 Nh5 33. Be1 Qf6 34. Bf1 Bg6
35. Rg4 Qf7 36. Bh3 Rg8 37. R4g2 Rg7 38. Bg4 Nf6 39. Be6 Qe8 40. Qh6 Nh5 41.
Bf5 Bxf5 42. Rxg7 Nxg7 43. Qxg7# 1-0

[Event "Boeblingen op 24th"]
[Site "Boeblingen"]
[Date "2007.12.29"]
[Round "7"]
[White "Moser, Eva"]
[Black "Gharamian, Tigran"]
[Result "1/2-1/2"]
[WhiteElo "2412"]
[BlackElo "2557"]
[PlyCount "22"]
[EventDate "2007.12.26"]
[EventType "swiss"]
[EventRounds "9"]
[EventCountry "GER"]
[SourceTitle "CBM 122 Extra"]
[Source "ChessBase"]
[SourceDate "2008.03.04"]
[SourceVersion "1"]
[SourceVersionDate "2008.03.04"]
[SourceQuality "1"]

1. g3 Nf6 2. Bg2 e5 3. c4 Nc6 4. Nc3 Bb4 5. Nf3 O-O 6. O-O e4 7. Ne1 Bxc3 8.
dxc3 d6 9. Bg5 Re8 10. Nc2 h6 11. Bxf6 Qxf6 1/2-1/2

[Event "Boeblingen op 24th"]
[Site "Boeblingen"]
[Date "2007.12.28"]
[Round "5"]
[White "Moser, Eva"]
[Black "Jelica, Mara"]
[Result "1-0"]
[WhiteElo "2412"]
[BlackElo "2175"]
[PlyCount "95"]
[EventDate "2007.12.26"]
[EventType "swiss"]
[EventRounds "9"]
[EventCountry "GER"]
[SourceTitle "CBM 122 Extra"]
[Source "ChessBase"]
[SourceDate "2008.03.04"]
[SourceVersion "1"]
[SourceVersionDate "2008.03.04"]
[SourceQuality "1"]

1. e4 c5 2. d3 Nc6 3. g3 g6 4. Bg2 Bg7 5. f4 e6 6. Nf3 Nge7 7. O-O O-O 8. c3 d6
9. Be3 b6 10. Na3 Ba6 11. Re1 b5 12. Nc2 b4 13. cxb4 cxb4 14. Rb1 Qa5 15. Bf1
Bb5 16. Qd2 Qxa2 17. Nxb4 Qb3 18. Nc2 e5 19. Na3 exf4 20. gxf4 Ba6 21. Nc2 Rab8
22. Ncd4 Qb4 23. Qf2 Rfc8 24. Ra1 Bb7 25. Bh3 Rd8 26. Rec1 Ba8 27. Rc2 Nxd4 28.
Bxd4 Nc6 29. Bxg7 Kxg7 30. Rac1 d5 31. e5 Qxf4 32. Rxc6 Bxc6 33. Rxc6 Rb3 34.
Rf6 Qc1+ 35. Bf1 Rf8 36. Qd4 Qxb2 37. Qxd5 Rb5 38. Qc4 Rb4 39. Qc5 Rg4+ 40. Kh1
Qa1 41. Qf2 Rb8 42. h3 Ra4 43. Rxf7+ Kg8 44. e6 Ra2 45. Nd2 Qe5 46. Qh4 h5 47.
Qe4 Qg3 48. Qd4 1-0

[Event "Boeblingen op 24th"]
[Site "Boeblingen"]
[Date "2007.12.28"]
[Round "4"]
[White "Schulte, Torsten"]
[Black "Moser, Eva"]
[Result "0-1"]
[WhiteElo "2231"]
[BlackElo "2412"]
[PlyCount "74"]
[EventDate "2007.12.26"]
[EventType "swiss"]
[EventRounds "9"]
[EventCountry "GER"]
[SourceTitle "CBM 122 Extra"]
[Source "ChessBase"]
[SourceDate "2008.03.04"]
[SourceVersion "1"]
[SourceVersionDate "2008.03.04"]
[SourceQuality "1"]

1. d4 Nf6 2. c4 g6 3. Nc3 Bg7 4. e4 O-O 5. f4 d6 6. Nf3 c5 7. dxc5 dxc5 8. Bd3
Nc6 9. e5 Nb4 10. Be2 Qxd1+ 11. Bxd1 Nd7 12. O-O Nb6 13. Be3 Nxc4 14. Bxc5 Nd3
15. Bxe7 Ne3 16. Bxf8 Bxf8 17. Re1 Bc5 18. Na4 Nxe1 19. Nxc5 N1xg2 20. Kf2 Bf5
21. Nd4 Rd8 22. Nxf5 Rd2+ 23. Kf3 Nxf5 24. Nxb7 Ne1+ 25. Kg4 Ne3+ 26. Kh3 Nxd1
27. b4 h5 28. a4 Rd3+ 29. Kh4 Nf3+ 30. Kg3 Nxe5+ 31. Kg2 Rd2+ 32. Kg3 Rd3+ 33.
Kg2 Nc4 34. Nc5 Rd2+ 35. Kf3 f5 36. Rc1 h4 37. Rxc4 Rf2# 0-1

[Event "Boeblingen op 24th"]
[Site "Boeblingen"]
[Date "2007.12.27"]
[Round "3"]
[White "Moser, Eva"]
[Black "Sokratov, Stanislav"]
[Result "1-0"]
[WhiteElo "2412"]
[BlackElo "2139"]
[PlyCount "51"]
[EventDate "2007.12.26"]
[EventType "swiss"]
[EventRounds "9"]
[EventCountry "GER"]
[SourceTitle "CBM 122 Extra"]
[Source "ChessBase"]
[SourceDate "2008.03.04"]
[SourceVersion "1"]
[SourceVersionDate "2008.03.04"]
[SourceQuality "1"]

1. e4 c5 2. d3 Nc6 3. g3 g6 4. Bg2 Bg7 5. f4 e6 6. Nf3 Nge7 7. O-O Rb8 8. c3 b5
9. Be3 d6 10. d4 cxd4 11. Nxd4 Nxd4 12. Bxd4 Bxd4+ 13. Qxd4 Qb6 14. Qxb6 Rxb6
15. Nd2 Ba6 16. b4 O-O 17. Rfc1 Bb7 18. a4 bxa4 19. Rxa4 Rc8 20. Bf1 d5 21.
Rxa7 Nc6 22. Raa1 dxe4 23. Nc4 Ra6 24. Na5 Rb6 25. Nxb7 Rxb7 26. Ba6 1-0

[Event "Boeblingen op 24th"]
[Site "Boeblingen"]
[Date "2007.12.27"]
[Round "2"]
[White "Osmanovic, Faruk"]
[Black "Moser, Eva"]
[Result "1/2-1/2"]
[WhiteElo "2119"]
[BlackElo "2412"]
[PlyCount "50"]
[EventDate "2007.12.26"]
[EventType "swiss"]
[EventRounds "9"]
[EventCountry "GER"]
[SourceTitle "CBM 122 Extra"]
[Source "ChessBase"]
[SourceDate "2008.03.04"]
[SourceVersion "1"]
[SourceVersionDate "2008.03.04"]
[SourceQuality "1"]

1. e4 d6 2. d4 Nf6 3. Nc3 Nbd7 4. f4 e5 5. Nf3 exd4 6. Nxd4 Nc5 7. Bd3 Be7 8.
O-O O-O 9. Nde2 c6 10. Kh1 Qc7 11. Be3 d5 12. Ng3 dxe4 13. Ncxe4 Nfxe4 14. Bxe4
Nxe4 15. Nxe4 Bf5 16. Ng3 Qd7 17. Qxd7 Bxd7 18. f5 c5 19. Ne4 Bb5 20. Rf2 b6
21. f6 Bxf6 22. Nxf6+ gxf6 23. Rxf6 Kg7 24. Rd6 f6 25. a4 Bc4 1/2-1/2

[Event "Boeblingen op 24th"]
[Site "Boeblingen"]
[Date "2007.12.26"]
[Round "1"]
[White "Moser, Eva"]
[Black "Eschle, Hubert"]
[Result "1-0"]
[WhiteElo "2412"]
[BlackElo "1931"]
[PlyCount "49"]
[EventDate "2007.12.26"]
[EventType "swiss"]
[EventRounds "9"]
[EventCountry "GER"]
[SourceTitle "CBM 122 Extra"]
[Source "ChessBase"]
[SourceDate "2008.03.04"]
[SourceVersion "1"]
[SourceVersionDate "2008.03.04"]
[SourceQuality "1"]

1. e4 e5 2. Nf3 Nc6 3. d3 Nf6 4. Be2 d5 5. Nbd2 Be7 6. O-O O-O 7. c3 h6 8. b4
a6 9. Bb2 Re8 10. a3 Bf8 11. Re1 dxe4 12. Nxe4 Bf5 13. Qc2 Nd7 14. Rad1 Be6 15.
Ng3 f5 16. d4 e4 17. d5 Bxd5 18. Rxd5 exf3 19. Qxf5 Bd6 20. Qxf3 Nce5 21. Qf5
Qe7 22. Rdd1 Rf8 23. Qc2 Nf6 24. f4 Bc5+ 25. Kh1 1-0

[Event "Bundesliga 0708"]
[Site "Germany"]
[Date "2007.12.02"]
[Round "4.7"]
[White "Malakhatko, Vadim"]
[Black "Moser, Eva"]
[Result "1-0"]
[WhiteElo "2596"]
[BlackElo "2412"]
[PlyCount "111"]
[EventDate "2007.10.20"]
[EventType "team-tourn"]
[EventRounds "15"]
[EventCountry "GER"]
[SourceTitle "CBM 123"]
[Source "ChessBase"]
[SourceDate "2008.04.02"]
[SourceVersion "1"]
[SourceVersionDate "2008.04.02"]
[SourceQuality "1"]
[WhiteTeam "Muelheim"]
[BlackTeam "Kreuzberg"]
[WhiteTeamCountry "GER"]
[BlackTeamCountry "GER"]

1. d4 e6 2. c4 f5 3. Nc3 Nf6 4. Qc2 b6 5. e3 Bb7 6. f3 Be7 7. Bd3 c5 8. Nge2
Nc6 9. a3 O-O 10. O-O Qb8 11. h3 Kh8 12. d5 Ne5 13. e4 fxe4 14. fxe4 Nh5 15.
Be3 Ng6 16. Rxf8+ Bxf8 17. Rf1 Qe5 18. Rf2 Be7 19. g4 Bg5 20. Qd2 Bxe3 21. Qxe3
Nf6 22. Nf4 Nxf4 23. Qxf4 Qxf4 24. Rxf4 e5 25. Rf5 d6 26. g5 Nh5 27. Rf7 Ba6
28. Ne2 Kg8 29. Rd7 Bc8 30. Rd8+ Kf7 31. h4 Ke7 32. Rh8 Kf7 33. Kf2 Bb7 34.
Rxa8 Bxa8 35. Nc3 Nf4 36. Bf1 Ke7 37. Nb5 a6 38. Nc3 Kd7 39. Nd1 Kc7 40. Ne3
Bb7 41. Nf5 g6 42. Nh6 Bc8 43. Ng8 Bg4 44. Nf6 Bd1 45. Nxh7 Kd8 46. Nf6 Ke7 47.
Ke3 Kd8 48. Bd3 Nxd3 49. Kxd3 a5 50. Kd2 Bf3 51. Ke3 Bd1 52. h5 Bxh5 53. Nxh5
gxh5 54. Kf3 Ke7 55. Kg3 Kf7 56. Kh4 1-0

[Event "AUT-chT 0708"]
[Site "Austria"]
[Date "2007.12.02"]
[Round "3.4"]
[White "Genser, Harald"]
[Black "Moser, Eva"]
[Result "1/2-1/2"]
[WhiteElo "2351"]
[BlackElo "2412"]
[PlyCount "22"]
[EventDate "2007.11.30"]
[EventType "team-tourn"]
[EventRounds "11"]
[EventCountry "AUT"]
[SourceTitle "CBM 121 Extra"]
[Source "ChessBase"]
[SourceDate "2008.01.10"]
[SourceVersion "1"]
[SourceVersionDate "2008.01.10"]
[SourceQuality "1"]
[WhiteTeam "Klagenfurt"]
[BlackTeam "Graz Styria"]
[WhiteTeamCountry "AUT"]
[BlackTeamCountry "AUT"]

1. d4 f5 2. g3 e6 3. Bg2 Nf6 4. c4 d5 5. Nh3 c6 6. Qc2 Bd6 7. O-O O-O 8. Bf4
Be7 9. Nd2 h6 10. Bxb8 Rxb8 11. Nf4 Qe8 1/2-1/2

[Event "AUT-chT 0708"]
[Site "Austria"]
[Date "2007.12.01"]
[Round "2.4"]
[White "Moser, Eva"]
[Black "Atlas, Valeri"]
[Result "0-1"]
[WhiteElo "2412"]
[BlackElo "2482"]
[PlyCount "102"]
[EventDate "2007.11.30"]
[EventType "team-tourn"]
[EventRounds "11"]
[EventCountry "AUT"]
[SourceTitle "CBM 121 Extra"]
[Source "ChessBase"]
[SourceDate "2008.01.10"]
[SourceVersion "1"]
[SourceVersionDate "2008.01.10"]
[SourceQuality "1"]
[WhiteTeam "Graz Styria"]
[BlackTeam "Hohenems"]
[WhiteTeamCountry "AUT"]
[BlackTeamCountry "AUT"]

1. d4 Nf6 2. Nf3 e6 3. c4 b6 4. Nc3 Bb7 5. a3 g6 6. e3 Bg7 7. Bd3 O-O 8. e4 c5
9. d5 d6 10. O-O Nbd7 11. Rb1 Qe7 12. Re1 Nh5 13. Bg5 f6 14. Bd2 Ne5 15. Be2
exd5 16. Nxd5 Qf7 17. h3 Bh8 18. b4 Rae8 19. b5 Bc8 20. Rb3 Ng7 21. a4 Ne6 22.
a5 Nxf3+ 23. Bxf3 Nd4 24. axb6 axb6 25. Rbe3 Bb7 26. Nxb6 f5 27. Nd5 fxe4 28.
Rxe4 Rxe4 29. Rxe4 Bxd5 30. cxd5 Qxd5 31. Rf4 Nxf3+ 32. Qxf3 Qxf3 33. Rxf3 Rb8
34. Bf4 Rb6 35. Ra3 Bd4 36. Ra6 Rxb5 37. Rxd6 Rb1+ 38. Kh2 Bxf2 39. Rd8+ Kf7
40. Rd7+ Ke6 41. Rxh7 c4 42. h4 Kf5 43. g3 Kg4 44. Rg7 Rb2 45. Rxg6+ Kf3 46.
Kh1 Rb1+ 47. Kh2 Bg1+ 48. Kh1 Be3+ 49. Kh2 Rb2+ 50. Kh1 Bxf4 51. gxf4 c3 0-1

[Event "AUT-chT 0708"]
[Site "Austria"]
[Date "2007.11.30"]
[Round "1.4"]
[White "Kreisl, Robert"]
[Black "Moser, Eva"]
[Result "1/2-1/2"]
[WhiteElo "2333"]
[BlackElo "2412"]
[PlyCount "91"]
[EventDate "2007.11.30"]
[EventType "team-tourn"]
[EventRounds "11"]
[EventCountry "AUT"]
[SourceTitle "CBM 121 Extra"]
[Source "ChessBase"]
[SourceDate "2008.01.10"]
[SourceVersion "1"]
[SourceVersionDate "2008.01.10"]
[SourceQuality "1"]
[WhiteTeam "Maria Saal"]
[BlackTeam "Graz Styria"]
[WhiteTeamCountry "AUT"]
[BlackTeamCountry "AUT"]

1. e4 c5 2. Nf3 Nc6 3. Nc3 Nf6 4. d4 cxd4 5. Nxd4 e5 6. Ndb5 d6 7. Bg5 a6 8.
Na3 b5 9. Nd5 Be7 10. Bxf6 Bxf6 11. c4 b4 12. Nc2 a5 13. Qf3 Rb8 14. Rd1 Bg5
15. h4 Bxh4 16. c5 h5 17. Be2 Rh6 18. cxd6 Rxd6 19. Qxh5 Rh6 20. Qf3 Qd6 21.
Bc4 Qg6 22. Nc7+ Kf8 23. Rd6 Bf6 24. Rxh6 Qxh6 25. Rxc6 Bb7 26. Rd6 Qc1+ 27.
Qd1 Qxb2 28. Bb3 Qc3+ 29. Kf1 Qxc7 30. Rd7 Ba6+ 31. Kg1 Rd8 32. Rxc7 Rxd1+ 33.
Kh2 Rd6 34. Rxf7+ Ke8 35. Ra7 Bd3 36. Rxa5 Bxe4 37. Nxb4 Rd2 38. Kg3 Kf8 39. f3
Bf5 40. Nd5 Bg5 41. Ra8+ Kf7 42. Ne3+ Kg6 43. Ra6+ Bf6 44. Nxf5 Kxf5 45. Rc6 e4
46. fxe4+ 1/2-1/2

[Event "BL 0708 (Women)"]
[Site "Germany"]
[Date "2007.11.11"]
[Round "2.2"]
[White "Korenova, Martina"]
[Black "Moser, Eva"]
[Result "1/2-1/2"]
[WhiteElo "2234"]
[BlackElo "2424"]
[PlyCount "149"]
[EventDate "2007.11.10"]
[EventType "team-tourn"]
[EventRounds "11"]
[EventCountry "GER"]
[SourceTitle "EXT 2009"]
[Source "ChessBase"]
[SourceDate "2008.11.26"]
[SourceVersion "1"]
[SourceVersionDate "2008.11.26"]
[SourceQuality "1"]
[WhiteTeam "Rodewisch (W)"]
[BlackTeam "Baden-Baden (W)"]
[WhiteTeamCountry "GER"]
[BlackTeamCountry "GER"]

1. e4 d6 2. d4 Nf6 3. Nc3 Nbd7 4. g3 e5 5. Nge2 g6 6. Bg2 Bg7 7. O-O O-O 8.
dxe5 dxe5 9. b3 Re8 10. a4 c6 11. Ba3 a5 12. Qd3 Bf8 13. Bxf8 Nxf8 14. Qe3 Ng4
15. Qc1 Ne6 16. h3 Nf6 17. Qe3 Qe7 18. Rad1 h5 19. f4 Qc5 20. Qxc5 Nxc5 21. Rd6
Kg7 22. Nc1 exf4 23. Rxf4 Be6 24. e5 Nfd7 25. Ne4 Nxe4 26. Rxe4 Bf5 27. e6 Rxe6
28. Rexe6 Bxe6 29. Nd3 Re8 30. Kf2 Bf5 31. Rd4 Nf6 32. Nc5 Re7 33. Rc4 b6 34.
Nd3 Bxd3 35. cxd3 c5 36. g4 hxg4 37. hxg4 Rd7 38. Ke2 g5 39. Bc6 Rd6 40. Bf3
Kf8 41. Ke3 Ke7 42. d4 Rxd4 43. Rxd4 cxd4+ 44. Kxd4 Kd6 45. Bd1 Ne8 46. Be2 f6
47. Bb5 Ng7 48. Ke4 Ne6 49. Bc4 Nc5+ 50. Kf5 Ke7 51. Bd5 Nd3 52. Bc4 Ne5 53.
Be2 Nc6 54. Bc4 Nd8 55. Kg6 Nb7 56. Bd5 Nd6 57. Kg7 f5 58. Kg6 fxg4 59. Kxg5
Ne8 60. Bg2 Nf6 61. Kf5 g3 62. Kf4 Kd6 63. Kxg3 Kc5 64. Kf4 Kb4 65. Ke5 Nd7+
66. Kd6 Nc5 67. Kc6 Nxb3 68. Kxb6 Kxa4 69. Bd5 Nc1 70. Kc5 Nd3+ 71. Kc4 Nb4 72.
Bf7 Ka3 73. Be8 Nc2 74. Kb5 a4 75. Kc5 1/2-1/2

[Event "BL 0708 (Women)"]
[Site "Germany"]
[Date "2007.11.10"]
[Round "1.2"]
[White "Moser, Eva"]
[Black "Endress, Anna"]
[Result "1-0"]
[WhiteElo "2424"]
[BlackElo "1967"]
[PlyCount "137"]
[EventDate "2007.11.10"]
[EventType "team-tourn"]
[EventRounds "11"]
[EventCountry "GER"]
[SourceTitle "EXT 2009"]
[Source "ChessBase"]
[SourceDate "2008.11.26"]
[SourceVersion "1"]
[SourceVersionDate "2008.11.26"]
[SourceQuality "1"]
[WhiteTeam "Baden-Baden (W)"]
[BlackTeam "Schott Mainz (W)"]
[WhiteTeamCountry "GER"]
[BlackTeamCountry "GER"]

1. e4 c5 2. d3 e6 3. g3 Nc6 4. Bg2 Nf6 5. f4 d6 6. Nf3 Be7 7. O-O O-O 8. Kh1
Qc7 9. Be3 Rd8 10. Nbd2 Rb8 11. h3 b5 12. a3 Bb7 13. g4 d5 14. e5 Nd7 15. d4
cxd4 16. Nxd4 Nxd4 17. Bxd4 a5 18. Qe2 Bc5 19. Nb3 Bxd4 20. Nxd4 Qb6 21. Rfd1
b4 22. axb4 axb4 23. Qb5 Qxb5 24. Nxb5 Bc6 25. Nd4 Ba8 26. Ra7 Nc5 27. Kg1 Rd7
28. Rxd7 Nxd7 29. Ra1 Nb6 30. b3 Kf8 31. Kf2 Ke7 32. Ra7+ Rb7 33. Nc6+ Kd7 34.
Rxb7+ Bxb7 35. Nxb4 f6 36. Nd3 Ke7 37. Nc5 Bc6 38. Ke2 fxe5 39. fxe5 g6 40. Kd3
Bb5+ 41. Kd4 g5 42. Nb7 Be2 43. Na5 Ba6 44. Nc6+ Ke8 45. Kc5 Nc8 46. b4 Bb7 47.
Na5 Ba8 48. b5 Kd7 49. b6 Ne7 50. b7 Bxb7 51. Nxb7 Nc6 52. c4 Nxe5 53. cxd5
Nd3+ 54. Kd4 Nf4 55. dxe6+ Kxe6 56. Bf1 h5 57. Ke4 hxg4 58. hxg4 Ng6 59. Bc4+
Kf6 60. Nd6 Nf4 61. Ne8+ Ke7 62. Nc7 Kd6 63. Nd5 Ng6 64. Ne3 Nf8 65. Kf5 Nd7
66. Bb5 Nc5 67. Kxg5 Ne6+ 68. Kf6 Nd4 69. Nf5+ 1-0

[Event "EU-chT (Women) 16th"]
[Site "Heraklio"]
[Date "2007.11.06"]
[Round "9"]
[White "Moser, Eva"]
[Black "Koskela, Niina"]
[Result "1/2-1/2"]
[WhiteElo "2412"]
[BlackElo "2254"]
[PlyCount "34"]
[EventDate "2007.10.28"]
[EventType "tourn"]
[EventRounds "9"]
[EventCountry "GRE"]
[SourceTitle "EXT 2008"]
[Source "ChessBase"]
[SourceDate "2007.11.25"]
[SourceVersion "1"]
[SourceVersionDate "2007.11.25"]
[SourceQuality "1"]
[WhiteTeam "Austria (W)"]
[BlackTeam "Finland (W)"]
[WhiteTeamCountry "AUT"]
[BlackTeamCountry "FIN"]

1. Nf3 Nf6 2. g3 e6 3. Bg2 d5 4. O-O Nc6 5. d4 Ne4 6. c4 Be7 7. Ne5 O-O 8. cxd5
exd5 9. Nxc6 bxc6 10. Nd2 Bf5 11. Nxe4 dxe4 12. Be3 Qd5 13. Qc2 Rfb8 14. Rfc1
Rb6 15. b3 Ba3 16. Rd1 a5 17. Qc4 a4 1/2-1/2

[Event "EU-chT (Women) 16th"]
[Site "Heraklio"]
[Date "2007.11.05"]
[Round "8"]
[White "Moser, Eva"]
[Black "Agrest, Svetlana"]
[Result "1/2-1/2"]
[WhiteElo "2412"]
[BlackElo "2255"]
[PlyCount "37"]
[EventDate "2007.10.28"]
[EventType "tourn"]
[EventRounds "9"]
[EventCountry "GRE"]
[SourceTitle "EXT 2008"]
[Source "ChessBase"]
[SourceDate "2007.11.25"]
[SourceVersion "1"]
[SourceVersionDate "2007.11.25"]
[SourceQuality "1"]
[WhiteTeam "Austria (W)"]
[BlackTeam "Sweden (W)"]
[WhiteTeamCountry "AUT"]
[BlackTeamCountry "SWE"]

1. g3 d6 2. Bg2 f5 3. d4 Nf6 4. c4 g6 5. Nc3 Bg7 6. e3 O-O 7. Nge2 e5 8. O-O c6
9. b3 e4 10. f3 exf3 11. Bxf3 Qe7 12. Bd2 Na6 13. Qc2 Bd7 14. Rad1 Rae8 15. Nf4
Ne4 16. Nxe4 fxe4 17. Bg2 g5 18. Ne2 d5 19. h3 1/2-1/2

[Event "EU-chT (Women) 16th"]
[Site "Heraklio"]
[Date "2007.11.04"]
[Round "7"]
[White "Kulovana, Eva"]
[Black "Moser, Eva"]
[Result "1-0"]
[WhiteElo "2305"]
[BlackElo "2412"]
[PlyCount "73"]
[EventDate "2007.10.28"]
[EventType "tourn"]
[EventRounds "9"]
[EventCountry "GRE"]
[SourceTitle "EXT 2008"]
[Source "ChessBase"]
[SourceDate "2007.11.25"]
[SourceVersion "1"]
[SourceVersionDate "2007.11.25"]
[SourceQuality "1"]
[WhiteTeam "Czech Republic (W)"]
[BlackTeam "Austria (W)"]
[WhiteTeamCountry "CZE"]
[BlackTeamCountry "AUT"]

1. e4 e5 2. Nf3 d6 3. d4 exd4 4. Nxd4 Nf6 5. Nc3 Be7 6. g3 Bg4 7. f3 Bc8 8. Bg2
O-O 9. O-O c6 10. a4 a5 11. h3 Na6 12. f4 Nc5 13. Be3 Re8 14. Bf2 Bf8 15. Re1
g6 16. Qd2 Qc7 17. Rad1 Bd7 18. g4 Bg7 19. g5 Nh5 20. Nde2 Na6 21. Qxd6 Qxd6
22. Rxd6 Be6 23. Bf3 Bxh3 24. f5 Be5 25. Rd7 Nb4 26. Bxh5 gxh5 27. Rxb7 Nxc2
28. Rd1 Rab8 29. Rdd7 Rxb7 30. Rxb7 h6 31. gxh6 Kh8 32. Bg3 Bxg3 33. Nxg3 h4
34. Nh5 Rg8+ 35. Kh2 Ne1 36. Kxh3 Nf3 37. Ne2 1-0

[Event "EU-chT (Women) 16th"]
[Site "Heraklio"]
[Date "2007.11.01"]
[Round "5"]
[White "Petraki, Maria"]
[Black "Moser, Eva"]
[Result "0-1"]
[WhiteElo "2099"]
[BlackElo "2412"]
[PlyCount "72"]
[EventDate "2007.10.28"]
[EventType "tourn"]
[EventRounds "9"]
[EventCountry "GRE"]
[SourceTitle "EXT 2008"]
[Source "ChessBase"]
[SourceDate "2007.11.25"]
[SourceVersion "1"]
[SourceVersionDate "2007.11.25"]
[SourceQuality "1"]
[WhiteTeam "Greece (W) II"]
[BlackTeam "Austria (W)"]
[WhiteTeamCountry "GRE"]
[BlackTeamCountry "AUT"]

1. e4 d6 2. Nc3 e5 3. g3 c6 4. Bg2 b5 5. a3 Nf6 6. Nf3 Be7 7. d3 O-O 8. O-O a6
9. Qe2 c5 10. Bg5 Be6 11. Nh4 Nc6 12. f4 h6 13. fxe5 dxe5 14. Bxf6 Bxf6 15. Nf5
Nd4 16. Qf2 g6 17. Nxh6+ Kg7 18. Nf5+ gxf5 19. exf5 Nxf5 20. Bxa8 e4 21. Qf4
Bg5 22. Qe5+ Bf6 23. Qf4 Bg5 24. Qe5+ Bf6 25. Qf4 Bd4+ 26. Kh1 Qxa8 27. Nxe4
Ne3 28. Qg5+ Kh8 29. Qh5+ Kg7 30. Rf4 Rh8 31. Qg5+ Kf8 32. c3 Rg8 33. Qh6+ Ke7
34. cxd4 cxd4 35. Qf6+ Ke8 36. Rc1 Nd5 0-1

[Event "EU-chT (Women) 16th"]
[Site "Heraklio"]
[Date "2007.10.30"]
[Round "3"]
[White "Moser, Eva"]
[Black "Houska, Jovanka"]
[Result "1/2-1/2"]
[WhiteElo "2412"]
[BlackElo "2404"]
[PlyCount "21"]
[EventDate "2007.10.28"]
[EventType "tourn"]
[EventRounds "9"]
[EventCountry "GRE"]
[SourceTitle "EXT 2008"]
[Source "ChessBase"]
[SourceDate "2007.11.25"]
[SourceVersion "1"]
[SourceVersionDate "2007.11.25"]
[SourceQuality "1"]
[WhiteTeam "Austria (W)"]
[BlackTeam "England (W)"]
[WhiteTeamCountry "AUT"]
[BlackTeamCountry "ENG"]

1. e4 e5 2. Nf3 Nc6 3. d4 exd4 4. Nxd4 Bc5 5. Nb3 Bb6 6. Nc3 Nf6 7. a4 a6 8.
Be2 d6 9. O-O h6 10. Kh1 O-O 11. a5 1/2-1/2